Cryptic Countries - Statistics

General Stats
  • This quiz has been taken 402 times
  • The average score is 10 of 31
Answer Stats
Clue Answer % Correct
Starving Hungary
70%
Frozen foods chain Iceland
66%
Christmas dinner Turkey
65%
Orcas Wales
65%
A tin of snakes Canada
61%
Crockery China
59%
Oil Greece
55%
Opposite of love Haiti
53%
Jalapeno Chile
52%
Home of peter pan Netherlands
38%
My underwear has a disease Brazil
37%
Indeed India
35%
A long line of people Kuwait
31%
Salmon fishing river Yemen
27%
Ken is positively German Kenya
26%
Daniel has a law suit against him Sudan
26%
Downpour of sheep Bahrain
24%
21 shilling for a pig Guinea
24%
Exclamation of displeasure Oman
23%
Guitar Qatar
20%
Isle of kung fu pandas Poland
19%
Are men here? Armenia
14%
Shredding of hair Malta
14%
Crazy in a canoe Romania
14%
Isle of the curry Thailand
14%
Green bread Moldova
13%
The garish bull Bulgaria
10%
Knight of steela artois Serbia
9%
A pencil end Aruba
8%
British T.V. studios Grenada
7%
The Mac is sore Macau
6%
No matching quizzes found
Score Distribution
Percent of People with Each Score
Percentile by Number Answered
Your Score History
You have not taken this quiz